プロ野球 2010年以降 来日1年目で20本以上打った外国人 - Statistics

General Stats
  • This quiz has been taken 36 times
  • The average score is 17 of 25
Answer Stats
Answer % Correct
レイエス
97%
バレンティン
90%
オースティン
90%
ネビン
87%
レアード
84%
ゲレーロ
84%
ソト
84%
ビシエド
77%
ポランコ
77%
ジョーンズ
74%
ウォーカー
74%
マギー
71%
ゴメス
68%
メヒア
65%
ブラッシュ
65%
ペーニャ
61%
アブレイユ
61%
ロメロ
61%
李 大浩
58%
マレーロ
58%
ギャレット
48%
ミレッジ
42%
金 泰均
39%
クラーク
32%
ブラウン
23%
No matching quizzes found
Score Distribution
Percent of People with Each Score
Percentile by Number Answered
Your Score History
You have not taken this quiz